Pag Ghugru Bandhkar Nachi Part 1 : (Record no. 43164)
[ view plain ]
| 000 -LEADER | |
|---|---|
| fixed length control field | 01118njm a22002537a 4500 |
| 005 - DATE AND TIME OF LATEST TRANSACTION | |
| control field | 20100830154435.0 |
| 007 - PHYSICAL DESCRIPTION FIXED FIELD--GENERAL INFORMATION | |
| fixed length control field | sd ammalaaahaa |
| 008 - FIXED-LENGTH DATA ELEMENTS--GENERAL INFORMATION | |
| fixed length control field | 100830t xxu||||| |||| 00| 0 eng d |
| 028 ## - PUBLISHER NUMBER | |
| Publisher number | BEX, 271 |
| Source | Columbia |
| 028 ## - PUBLISHER NUMBER | |
| Publisher number | CELX. 29110 |
| Source | Columbia |
| 028 ## - PUBLISHER NUMBER | |
| Publisher number | CELX. 29111 |
| Source | Columbia |
| 035 ## - SYSTEM CONTROL NUMBER | |
| System control number | GR-53 |
| 100 ## - MAIN ENTRY--PERSONAL NAME | |
| Personal name | Param Pujya Pandit |
| 9 (RLIN) | 17779 |
| 245 ## - TITLE STATEMENT | |
| Title | Pag Ghugru Bandhkar Nachi Part 1 : |
| Remainder of title | Golden Jublee / |
| Statement of responsibility, etc | by Param Pujya Pandit [and] Omkarnathji Thakur's |
| Medium | [sound recording] : |
| 246 ## - VARYING FORM OF TITLE | |
| Title proper/short title | पग घुग्रू बंधकर नाची (परम पूज्य पंडित) |
| 260 ## - PUBLICATION, DISTRIBUTION, ETC. (IMPRINT) | |
| Place of publication, distribution, etc | Dum Dum, India |
| Name of publisher, distributor, etc | Columbia |
| 300 ## - PHYSICAL DESCRIPTION | |
| Extent | 1 sound disc [Gramophone Records] |
| Other physical details | analog, 33. 1/3 rpm ; |
| Dimensions | 12 in (LP) |
| Type of unit | Gramophone Records |
| 500 ## - GENERAL NOTE | |
| General note | Brief record |
| 505 ## - FORMATTED CONTENTS NOTE | |
| Formatted contents note | Pag Ghugru Bandhkar Nachi Part 1 (पग घुग्रू बंधकर नाची ) भाग २ |
| 700 ## - ADDED ENTRY--PERSONAL NAME | |
| Personal name | Param Pujya Pandit |
| 9 (RLIN) | 17573 |
| 700 ## - ADDED ENTRY--PERSONAL NAME | |
| Personal name | Thakur's, Omkarnathji |
| 9 (RLIN) | 17574 |
| 942 ## - ADDED ENTRY ELEMENTS (KOHA) | |
| Source of classification or shelving scheme | Dewey Decimal Classification |
| Item type | Gramaphone Records |
| Classification part | GR-53 |
| Withdrawn status | Lost status | Source of classification or shelving scheme | Damaged status | Not for loan | Home library | Current library | Date acquired | Source of acquisition | Total Checkouts | Full call number | Barcode | Date last seen | Copy number | Price effective from | Koha item type |
|---|---|---|---|---|---|---|---|---|---|---|---|---|---|---|---|
| Dewey Decimal Classification | Not For Loan | Central Library | Central Library | 30/08/2010 | SED/VEN | GR-53 | GR-53 | 30/08/2010 | 1 | 30/08/2010 | Gramaphone Records |
